| 000 | 00618nam a22001697a 4500 | ||
|---|---|---|---|
| 005 | 20240530110925.0 | ||
| 008 | 220221s1987 ua c g b 000 0 ara d | ||
| 040 |
_aEG-CaGPL _cEG-CaGPL |
||
| 082 | 0 | 4 |
_221 _a913.02 / _bف ا |
| 100 | 0 | _aفتحى عبدالعزيز ابوراضى | |
| 245 | 1 | 0 |
_aاسس الجغرافية الطبيعية / _cفتحى عبدالعزيز ابوراضى |
| 260 |
_aالاسكندرية : _bدار المعرفة الجامعية، _c1987 |
||
| 300 |
_a406 ص. ؛ _c24 سم. |
||
| 650 | 0 | 7 |
_aالجغرافية الطبيعية _2qrmak |
| 942 |
_2ddc _cBK |
||
| 999 |
_c66555 _d66555 |
||